[Event "Toronto NAYCC U08"]
[Site "Toronto"]
[Date "2013.08.18"]
[Round "9"]
[White "Shi, Stephen"]
[Black "Gan, David"]
[Result "0-1"]
[WhiteElo "581"]
[BlackElo "731"]
[PlyCount "134"]
[EventDate "2013.08.14"]
[EventType "swiss"]
[EventRounds "9"]
[EventCountry "CAN"]
[SourceTitle "EXT 2022"]
[Source "ChessBase"]
[SourceDate "2021.10.06"]
[SourceVersion "1"]
[SourceVersionDate "2021.10.06"]
[SourceQuality "1"]

1. e4 e6 2. Nf3 Nc6 3. Bb5 Nf6 4. Nc3 a6 5. Bxc6 bxc6 6. d3 Rb8 7. b3 Bc5 8. d4 Ba7 9. e5 Nd5 10. Nxd5 cxd5 11. Bg5 f6 12. exf6 gxf6 13. Bh4 0-0 14. Ne5 Bb7 15. Qg4+ Kh8 16. 0-0 f5 17. Qh5 Qe8 18. Qh6 Bxd4 19. Bf6+ Rxf6 20. Qxf6+ Kg8 21. Rad1 Bxe5 22. Qxe5 d6 23. Qf6 d4 24. Rxd4 Qc6 25. Qxe6+ Kh8 26. f3 Qxc2 27. Rf2 Qc1+ 28. Rf1 Qb2 29. Qxf5 Qxd4+ 30. Rf2 Qg7 31. g3 Rf8 32. Qe6 Bxf3 33. Qe3 Qa1+ 34. Rf1 Qf6 35. Qa7 Qb2 36. Rf2 Qc1+ 37. Rf1 Qc5+ 38. Qxc5 dxc5 39. h4 Kg7 40. Rc1 Rf5 41. a4 Bh5 42. Rc4 Bd1 43. a5 Bxb3 44. Rc3 c4 45. g4 Rxa5 46. Kg2 Rd5 47. Re3 Kf7 48. Rf3+ Kg6 49. h5+ Kg5 50. Kg3 Rd3 51. Kf2 Rxf3+ 52. Kxf3 c3 53. Ke2 c2 54. Kd2 Kxg4 55. Kc1 Kxh5 56. Kb2 Kg4 57. Kc1 Kg3 58. Kd2 h5 59. Kc1 h4 60. Kb2 h3 61. Kxb3 c1Q 62. Kb4 Kf3 63. Kb3 Ke4 64. Kb4 Kd4 65. Kb3 Qc3+ 66. Ka4 Qc2+ 67. Ka5 Qc5+ 0-1